Most Populous Islands of Oceania - Statistics

General Stats
  • This quiz has been taken 39 times
  • The average score is 12 of 24
Answer Stats
Island Population Country % Correct
North Island 4,000,000 New Zealand
100%
South Island 1,200,000 New Zealand
100%
New Guinea 14,800,000 Indonesia/PNG
97%
Tasmania 540,000 Australia
92%
New Caledonia 250,000 France
86%
Guam 150,000 United States
69%
Hawaii 200,000 United States
67%
Oahu 1,000,000 United States
67%
Tahiti 180,000 France
61%
Bougainville 230,000 Papua New Guinea
56%
Maui 160,000 United States
50%
New Britain 510,000 Papua New Guinea
44%
Viti Levu 660,000 Fiji
44%
New Ireland 190,000 Papua New Guinea
42%
Kauai 73,000 United States
39%
Vanua Levu 130,000 Fiji
36%
Guadalcanal 160,000 Solomon Islands
28%
Tarawa 70,000 Kiribati
25%
Manus 50,000 Papua New Guinea
17%
Tongatapu 75,000 Tonga
11%
Upolu 150,000 Samoa
11%
Efate 66,000 Vanuatu
8%
Biak 110,000 Indonesia
6%
Malaita 140,000 Solomon Islands
6%
No matching quizzes found
Score Distribution
Percent of People with Each Score
Percentile by Number Answered
Your Score History
You have not taken this quiz